[Event "Asia-ch U14 Girls"]
[Site "Al Ain"]
[Date "2023.12.19"]
[Round "7"]
[White "Dudkina, Uliana"]
[Black "Mohamadi, Niyousha"]
[Result "1-0"]
[WhiteElo "1947"]
[BlackElo "1730"]
[PlyCount "49"]
[EventDate "2023.12.14"]
[EventType "swiss"]
[EventRounds "9"]
[EventCountry "UAE"]
[SourceTitle "EXT 2025"]
[Source "ChessBase"]
[SourceDate "2024.10.14"]
[SourceVersion "1"]
[SourceVersionDate "2024.10.14"]
[SourceQuality "1"]

1. d4 d5 2. c4 e6 3. Nc3 Bb4 4. Nf3 dxc4 5. Bd2 Bxc3 6. Bxc3 Nf6 7. e3 b5 8. a4 c6 9. axb5 cxb5 10. b3 Ne4 11. Ba5 Qd5 12. bxc4 bxc4 13. Qc2 Nd6 14. Ne5 Nc6 15. Be2 Nxa5 16. Bf3 Qb5 17. Bxa8 Qb4+ 18. Ke2 0-0 19. Nc6 Nxc6 20. Rhb1 Ba6 21. Rxa6 Rxa8 22. Qc1 Nb5 23. Rxb4 Nxb4 24. Ra4 Nd5 25. Rxc4 1-0

[Event "Asia-ch U14 Girls"]
[Site "Al Ain"]
[Date "2023.12.18"]
[Round "6"]
[White "Mohamadi, Niyousha"]
[Black "Alemanova, Yasmina"]
[Result "1-0"]
[WhiteElo "1730"]
[BlackElo "1632"]
[PlyCount "115"]
[EventDate "2023.12.14"]
[EventType "swiss"]
[EventRounds "9"]
[EventCountry "UAE"]
[SourceTitle "EXT 2025"]
[Source "ChessBase"]
[SourceDate "2024.10.14"]
[SourceVersion "1"]
[SourceVersionDate "2024.10.14"]
[SourceQuality "1"]

1. e4 e6 2. d3 d5 3. Nd2 Nf6 4. Ngf3 b5 5. g3 b4 6. e5 Nfd7 7. Bg2 c5 8. 0-0 Be7 9. Re1 0-0 10. Nf1 Bb7 11. h4 Nc6 12. Bf4 Nb6 13. Ne3 f6 14. exf6 Bxf6 15. Bg5 h6 16. Bxf6 Qxf6 17. Ng4 Qf5 18. Nge5 Nxe5 19. Rxe5 Qf6 20. Qe1 Rae8 21. b3 Nd7 22. Re2 e5 23. Nd2 Bc6 24. a3 a5 25. axb4 axb4 26. Ra6 Ra8 27. Bxd5+ Bxd5 28. Rxf6 Rxf6 29. Ne4 Rfa6 30. Rd2 Ra5 31. Rd1 Nf8 32. Qe3 Ne6 33. Kh2 Rf8 34. c3 bxc3 35. Nxc3 Bxb3 36. Rb1 Nd4 37. Kg2 c4 38. dxc4 Bxc4 39. f4 Nf5 40. Qb6 Ra6 41. Qc7 Rg6 42. Qxc4+ Kh8 43. Qc5 Rxg3+ 44. Kh2 Rd8 45. Rd1 Re8 46. Qc6 Rf8 47. fxe5 Rg4 48. Qc5 Rxh4+ 49. Kg2 Rb8 50. Rd2 Rg4+ 51. Kf3 Rg6 52. Qc7 Rf8 53. Rd8 Rg3+ 54. Kf2 Rxd8 55. Qxd8+ Kh7 56. Qd7 Rxc3 57. Qxf5+ Kg8 58. Qd7 1-0

[Event "Asia-ch U14 Girls"]
[Site "Al Ain"]
[Date "2023.12.16"]
[Round "3"]
[White "Mohamadi, Niyousha"]
[Black "Maral, Altankhuyag"]
[Result "1-0"]
[WhiteElo "1730"]
[BlackElo "1506"]
[PlyCount "67"]
[EventDate "2023.12.14"]
[EventType "swiss"]
[EventRounds "9"]
[EventCountry "UAE"]
[SourceTitle "EXT 2025"]
[Source "ChessBase"]
[SourceDate "2024.10.14"]
[SourceVersion "1"]
[SourceVersionDate "2024.10.14"]
[SourceQuality "1"]

1. d4 Nf6 2. c4 g6 3. Nc3 Bg7 4. e4 d6 5. Nf3 Nbd7 6. Be2 0-0 7. Be3 e5 8. d5 a5 9. a3 Ng4 10. Bg5 f6 11. Bh4 Rf7 12. Nd2 Nh6 13. f3 Qf8 14. b4 f5 15. 0-0 Bf6 16. Bf2 Rg7 17. Nb5 Bd8 18. Rc1 axb4 19. axb4 b6 20. Nb3 Nf6 21. Qc2 Bd7 22. c5 bxc5 23. bxc5 f4 24. Ra1 Rc8 25. c6 Be8 26. Qa2 Be7 27. Qa7 Bf7 28. Qb7 Qd8 29. Ra7 Ne8 30. Rfa1 Rb8 31. Ra8 Rxb7 32. cxb7 Qd7 33. b8Q Kh8 34. Qxc7 1-0

[Event "Asia-ch U14 Girls"]
[Site "Al Ain"]
[Date "2023.12.16"]
[Round "4"]
[White "Sherali, Pattnaik"]
[Black "Mohamadi, Niyousha"]
[Result "1/2-1/2"]
[WhiteElo "1575"]
[BlackElo "1730"]
[PlyCount "100"]
[EventDate "2023.12.14"]
[EventType "swiss"]
[EventRounds "9"]
[EventCountry "UAE"]
[SourceTitle "EXT 2025"]
[Source "ChessBase"]
[SourceDate "2024.10.14"]
[SourceVersion "1"]
[SourceVersionDate "2024.10.14"]
[SourceQuality "1"]

1. e4 c5 2. Nf3 Nc6 3. d4 cxd4 4. Nxd4 Nf6 5. Nc3 e5 6. Ndb5 d6 7. Nd5 Nxd5 8. exd5 Nb8 9. c4 Be7 10. Be3 0-0 11. Be2 Bf5 12. 0-0 a6 13. Nc3 Nd7 14. b4 Rc8 15. Na4 b5 16. Nb2 bxc4 17. Bxc4 Rb8 18. a3 Ra8 19. Rc1 Nb6 20. Bb3 Bd7 21. a4 f5 22. a5 Nc8 23. Nc4 Bb5 24. Re1 Bg5 25. Qh5 h6 26. Bxg5 Qxg5 27. Qxg5 hxg5 28. Na3 Na7 29. Rc7 Rfc8 30. Rec1 Rxc7 31. Rxc7 Rc8 32. Nxb5 axb5 33. Rxc8+ Nxc8 34. Bc2 f4 35. Kf1 Na7 36. Ke2 g4 37. Bf5 g3 38. hxg3 fxg3 39. f3 Kf7 40. Ke3 Kf6 41. Bd3 g5 42. Kd2 Ke7 43. Bf5 Kf6 44. Bg4 Ke7 45. Kd3 Kf6 46. Ke3 Kg6 47. Ke4 Kf6 48. Bh5 Nc8 49. Be8 Na7 50. Bc6 Kg6 1/2-1/2

[Event "IRI-ch U12 Girls"]
[Site "Chess.com INT"]
[Date "2021.01.16"]
[Round "4"]
[White "Derakhshani, Diyana"]
[Black "Mohamadi, Niyousha"]
[Result "0-1"]
[WhiteElo "1105"]
[BlackElo "1566"]
[PlyCount "98"]
[EventDate "2021.01.16"]
[EventType "swiss"]
[EventRounds "9"]
[EventCountry "IRI"]
[SourceTitle "EXT 2022"]
[Source "ChessBase"]
[SourceDate "2021.10.06"]
[SourceVersion "1"]
[SourceVersionDate "2021.10.06"]
[SourceQuality "1"]

1. e4 e6 2. d4 d5 3. exd5 exd5 4. Nc3 Nc6 5. Nf3 Bg4 6. Be2 Nf6 7. Ne5 Bxe2 8. Qxe2 Nxd4 9. Qd3 Ne6 10. Qb5+ Nd7 11. Nxd7 Qxd7 12. Qxb7 Rd8 13. 0-0 Bc5 14. Rd1 d4 15. Nb5 0-0 16. Nxa7 Qa4 17. Nc6 Rd6 18. Ne7+ Kh8 19. b3 Qd7 20. Nf5 Nd8 21. Qf3 Rf6 22. g4 g6 23. Bg5 Rb6 24. Ng3 Ne6 25. c3 Nxg5 26. Qd3 Qxg4 27. cxd4 Bxd4 28. Qc4 Nh3+ 29. Kg2 Nf4+ 30. Kg1 Bxa1 31. Rxa1 Nh3+ 32. Kf1 Qxc4+ 33. bxc4 Nf4 34. Re1 Nd3 35. Ne4 Nxe1 36. Kxe1 Re6 37. f3 f5 38. Kf2 fxe4 39. Ke2 exf3+ 40. Kf2 Re2+ 41. Kf1 Rxa2 42. Kg1 f2+ 43. Kf1 Ra1+ 44. Ke2 f1Q+ 45. Ke3 Re1+ 46. Kd4 Rd8+ 47. Kc5 Qf5+ 48. Kb4 Rb1+ 49. Kc3 Qd3# 0-1